000
00304nam a2200133Ia 4500
005
20251222151312.0
008
251222s9999||||xx |||||||||||||| ||spa||
020
_a
8408065785
082
_a
863.64/L89
100
_a
Lorenzo , Javier
245
0
_a
El Ăšltimo Soldurio
264
_b
Planeta
942
_c
LIB
999
_c
23402
_d
23402